Statistics for Top 100 Busiest Airports in the USA

Click here to take the quiz!

General Stats

  • This quiz has been taken 511 times
    (466 since last reset)
  • The average score is 47 of 100

Answer Stats

RankAnswer% Correct
1Atlanta
90%
2Los Angeles
87%
5New York JFK
85%
12Miami
81%
7San Francisco
80%
18Boston
75%
6Denver
74%
13Seattle
74%
9Las Vegas
72%
10Phoenix
72%
28San Diego
72%
14Newark
71%
17Detroit
70%
8Charlotte
69%
30 | 92Portland
69%
29Tampa
69%
3Chicago O'hare
68%
37New Orleans
65%
19Philadelphia
65%
25Salt Lake City
64%
22Baltimore
63%
4Dallas Fort-Worth
63%
33Nashville
63%
34Austin
62%
61Memphis
62%
31St. Louis
62%
27Honolulu
61%
53Jacksonville
61%
36Kansas City
61%
20New York LGA
61%
45Cleveland
60%
39San Jose
60%
48Columbus
59%
42San Antonio
59%
52Cincinnati
58%
47Milwaukee
58%
60Oklahoma City
58%
44Pittsburg
58%
21Fort Lauderdale
57%
46Indianapolis
57%
35Oakland
56%
54Anchorage
55%
24Chicago-Midway
55%
56Albuquerque
54%
58Omaha
54%
76Birmingham
53%
72Boise
53%
71El Paso
53%
64Louisville
53%
66Tucson
53%
23Washington - Dulles
52%
16Minneapolis-St. Paul
50%
80Des Moines
49%
73Tulsa
49%
62Providence
48%
63Richmond
47%
67Charleston
45%
83Little Rock
45%
98Fresno
44%
96Wichita
43%
26Washington - Reagan
42%
11Houston George Bush
41%
69Spokane
41%
32Houston Hobby
39%
93Madison
39%
77Albany
38%
68Norfolk
38%
38Raleigh-Durham
38%
79Rochester
36%
88Savannah/Hilton Head
36%
41Dallas - Love Field
35%
43Fort Myers
35%
78Grand Rapids
34%
74Long Beach
33%
15Orlando-International
33%
81Dayton
32%
91Knoxville
32%
100Billings
30%
57Ontario
30%
40Orange County
30%
85Syracuse
30%
94Akron
24%
84Orlando-Sanford
24%
95Pensacola
22%
89Myrtle Beach
20%
50Palm Beach
17%
86Palm Springs
17%
87Greenville
16%
70Kona
16%
75Lihue
13%
55Buffalo Niagara Falls
10%
99Phoenix-Mesa
8%
65Reno-Tahoe
8%
59Hollywood Burbank
6%
51Bradley International Airport
5%
90Piedmont Triad
5%
82Manchester-Boston
4%
49Maui Kahululi
0%
97Westchester County Airport
0%

Score Distribution

Percentile by Number Answered

Percent of People with Each Score

Your Score History

You have not taken this quiz since the last reset